Ekonomické predpoklady integrácie Slovenska do Európskej menovej únie

Prioritou integračného procesu SR do európskych štruktúr sa stáva vstup do Európskej menovej únie. Reálna a nominálna konvergencia členských štátov integračného zoskupenie. Konvergencia na agregátnej národohospodárskej úrovni. Konvergencia cenových hladín. Regionálne rozdiely. Fiškálna konvergencia....

Full description

Saved in:
Bibliographic Details
Main Author: Brucháčová, Anna
Other Authors: Hajnovič, František, Komínková, Zora, Nemec, Marián
Format: Book Chapter
Language:Slovak
Subjects:
Tags: Add Tag
No Tags, Be the first to tag this record!

MARC

LEADER 00000naa a2200000 4500
001 r049658
005 20240502071344.7
041 0 |a slo 
044 |a SK 
245 1 0 |a Ekonomické predpoklady integrácie Slovenska do Európskej menovej únie  |c Anna Brucháčová, František Hajnovič, Zora Komínková, Marián Nemec 
500 |a Článok je súčasťou štúdie "Analýza hospodárskeho a menového vývoja SR z pohľadu integrácie SR do EMÚ" 
520 |a Prioritou integračného procesu SR do európskych štruktúr sa stáva vstup do Európskej menovej únie. Reálna a nominálna konvergencia členských štátov integračného zoskupenie. Konvergencia na agregátnej národohospodárskej úrovni. Konvergencia cenových hladín. Regionálne rozdiely. Fiškálna konvergencia. Vplyv konvergencie na štruktúru finančných trhov a na charakter transmisného mechanizmu. Problém asymetrických šokov. Zvyšovanie konkurencieschopnosti ekonomiky. Vecný, časový a inštitucionálny rámec prístupového procesu do Európskej menovej únie. 
610 2 0 |a integrácia menová 
610 2 0 |a Slovensko 
610 2 0 |a Európska menová únia 
610 2 0 |a konvergencia 
610 2 0 |a kurz výmenný 
610 2 0 |a ERM 
610 2 0 |a konkurencieschopnosť 
100 1 |a Brucháčová, Anna 
700 1 |a Hajnovič, František 
700 1 |a Komínková, Zora 
700 1 |a Nemec, Marián